000 00896nam a22002537a 4500
005 20170124110220.0
010 _aB-220713
020 _c595.00
_a8174873856
035 _aB-220713
037 _bCen Lib/Ret
040 _aDPL
_bEN
082 _a920
_bKAP
100 _aKapoor, A.N.
_93336
245 _aAn encyclopeadic dictionary of eminent personalities :
_cby A. N. Kapoor, V. P. Gupta [and] Mohini Gupta
_bmodern India /
260 _aNew Delhi
_bRadha Publications
_c2005
270 _a4378/4B, Ansari Road, Daryaganj
_bNew Delhi
_e110002
300 _axvi, 368p.
_c20cm(Hb)
500 _aIncludes bibliographical references
650 _aDictionary of Personalities.
_vDictionary.
_922935
650 _aDictionary -- modern eminent personalities
_vDictionary.
_939612
700 _aGupta, V.P.
_93337
700 _aGupta, Mohini
_9927
942 _2ddc
_cEN
_h920
_mKAP
999 _c134042
_d134042